Normal view
MARC view
- الخط العربي-تدريس الخط العربي
Entry Topical Term
001 - CONTROL NUMBER
- control field: 34504
003 - CONTROL NUMBER IDENTIFIER
- control field: JO-AjAnu
005 - DATE AND TIME OF LATEST TRANSACTION
- control field: 20230606075759.0
008 - FIXED-LENGTH DATA ELEMENTS
- fixed length control field: 230606|| aca||aabn | a|a d
040 ## - CATALOGING SOURCE
- Original cataloging agency: JO-AjAnu
- Transcribing agency: JO-AjAnu
150 ## - HEADING--TOPICAL TERM
- Topical term or geographic name entry element: الخط العربي-تدريس الخط العربي
670 ## - SOURCE DATA FOUND
- Source citation: Work cat.: (JO-AjAnu)17722: لجنةمن كبار أساتذة اللغة والخط العربي تأليف, author 34503, الطرق الفنية الخاصة بتدريس الخط العربي